Posledné dni kultúrneho domu - úspešných sa ani nedočkal

Bibliographic Details
Main Author: Janigová, Ingrid (Author)
Format: Article
Language:Slovak
Subjects:
Online Access:www.vysoketatry.sk

MARC

LEADER 00000cab a2200000 ar4500
001 vtls008997523
003 SK-MaSNL
005 20260303065811.0
008 070608c2007 xo er|p|||||||000 b|slo
038 |a PPPK 
040 |a PPPKCL  |b slo  |c PPPKCL  |e AACR2 
041 0 |a slo 
044 |a xo  |c SK 
080 |a 727:711.164  |2 1997 
080 |a 711.164 :727  |2 1997 
080 |a 728.2  |2 1997 
100 1 |a Janigová, Ingrid  |4 aut  |9 331312 
245 1 0 |a Posledné dni kultúrneho domu - úspešných sa ani nedočkal  |c Stranu pripravila Inga Janigová 
648 7 |a 1985-2007  |2 pppkcl  |9 1033367 
650 0 7 |a kultúrne domy  |2 pppkcl  |9 73211 
650 0 7 |a apartmánové byty  |2 pppkcl  |9 1042767 
651 7 |a Starý Smokovec (Vysoké Tatry, Slovensko)  |2 pppkcl  |9 160864 
651 7 |a Vysoké Tatry (Slovensko : mesto)  |2 pppkcl  |9 176366 
773 0 |t Tatranský dvojtýždenník  |g Roč. XVIII, č. 8 (2007), s. 5 
852 |a PPPK  |b KIS3GCP 
856 |u www.vysoketatry.sk 
999 |c 1752756  |d 1754686